[Event "Tournoi francophone 012 Groupe C"]
[Site "Skype"]
[Date "????.??.??"]
[Round "1.1"]
[White "Briere, Jean"]
[Black "Amato, Ludovica"]
[Result "0-1"]
[WhiteElo "1388"]
[BlackElo "1407"]
[PlyCount "62"]

1. e4 e5 2. Nf3 Nf6 3. Nxe5 d6 4. Nf3 Nxe4 5. Qe2 Qe7 6. d3 Nf6 7. Bg5 Qxe2+ 8.
Bxe2 Be7 9. Nc3 Nc6 10. Bxf6 Bxf6 11. Nd5 Bd8 12. d4 O-O 13. O-O Bf5 14. c3 Be4
15. c4 Bxf3 16. Bxf3 Nxd4 17. Bd1 c6 18. Nf4 Re8 19. Nd3 Bf6 20. Rb1 Re4 21. f3
Re3 22. Nb4 Rae8 23. Nc2 Nxc2 24. Bxc2 Re2 25. Rfc1 Bd4+ 26. Kh1 Be3 27. Bd3
Bxc1 28. Bxe2 Rxe2 29. Rxc1 Rxb2 30. Re1 g6 31. Kg1 Rxa2 0-1

[Event "Tournoi francophone 012 Groupe C"]
[Site "Skype"]
[Date "????.??.??"]
[Round "1.2"]
[White "Tamditi, Ibrahim"]
[Black "Vincent, Andre"]
[Result "0-1"]
[WhiteElo "1497"]
[BlackElo "1395"]
[PlyCount "84"]

1. Nf3 Nf6 2. g3 d5 3. Bg2 c6 4. d3 e6 5. Bf4 Nbd7 6. a3 h6 7. Nc3 Be7 8. d4 b6
9. Be5 Bb7 10. Qd3 Rc8 11. e4 Nxe5 12. dxe5 Ng4 13. exd5 Bc5 14. Ne4 cxd5 15.
Nxc5 Rxc5 16. h3 Nxf2 17. Kxf2 O-O 18. b4 Rc7 19. Rac1 Qd7 20. g4 Rfc8 21. g5
Rc3 22. Qd2 Qc7 23. Nd4 Qxe5 24. gxh6 Qf6+ 25. Bf3 Qh4+ 26. Kg2 Qxh6 27. Qxh6
gxh6 28. Bd1 Rxa3 29. Rg1 Kh7 30. Rf1 Rg8+ 31. Kh2 Rg7 32. Nb5 Rag3 33. Bg4 Re3
34. Nxa7 e5 35. Nb5 e4 36. Bd1 Ba6 37. c4 dxc4 38. Ba4 Bxb5 39. Bxb5 Re2+ 40.
Kh1 Rgg2 41. Bxc4 Rh2+ 42. Kg1 Reg2# 0-1

[Event "Tournoi francophone 012 Groupe C"]
[Site "Skype"]
[Date "????.??.??"]
[Round "1.3"]
[White "Malbec, Robert"]
[Black "Milanese, Serge"]
[Result "0-1"]
[WhiteElo "1238"]
[BlackElo "1328"]
[PlyCount "90"]

1. e4 e5 2. Nf3 Nc6 3. Bc4 Bc5 4. c3 Nf6 5. d4 exd4 6. cxd4 Bb4+ 7. Bd2 Nxe4 8.
Qe2 d5 9. Bb5 O-O 10. Bxc6 Bxd2+ 11. Nbxd2 bxc6 12. Nxe4 dxe4 13. Nd2 Re8 14.
Qe3 Bf5 15. O-O a5 16. Qc3 Qg5 17. Rfe1 Bh3 18. g3 Qd5 19. Re3 Bg4 20. Rae1 f5
21. a3 h5 22. Kg2 Bf3+ 23. Kf1 Bg4 24. Kg2 h4 25. h3 f4 26. gxf4 Bf5 27. f3
exf3+ 28. Nxf3 Be4 29. Kf2 Re6 30. Nd2 Bf5 31. Rxe6 Bxe6 32. Re5 Qd7 33. Ne4
Bxh3 34. Nc5 Qg4 35. Qf3 Rf8 36. Qxg4 Bxg4 37. Ke3 h3 38. Ne4 h2 39. Ng3 Rb8
40. b4 axb4 41. axb4 Rxb4 42. Rc5 Rb3+ 43. Kf2 Rb2+ 44. Kf1 Rb3 45. Kf2 Rxg3
0-1

[Event "Tournoi francophone 012 Groupe C"]
[Site "Skype"]
[Date "????.??.??"]
[Round "1.4"]
[White "Mantelli, Luca"]
[Black "Pouteau, Pascal"]
[Result "0-1"]
[WhiteElo "1347"]
[BlackElo "1420"]
[PlyCount "34"]

1. e4 e5 2. Nf3 Nc6 3. Bc4 Nd4 4. Nxd4 exd4 5. d3 Bb4+ 6. Bd2 Qe7 7. a3 Bxd2+
8. Nxd2 Nf6 9. O-O d6 10. h3 O-O 11. Nf3 Nh5 12. Nxd4 Qg5 13. Qf3 Nf4 14. Qg3
Qf6 15. c3 c5 16. Qe3 cxd4 17. Qxd4 Ne2+ 0-1

[Event "Tournoi francophone 012 Groupe C"]
[Site "Skype"]
[Date "????.??.??"]
[Round "1.5"]
[White "Moumtaz, Abderrahim"]
[Black "De Coninck, Philippe"]
[Result "1-0"]
[WhiteElo "1347"]
[BlackElo "1377"]
[PlyCount "40"]

1. d4 d5 2. c4 e6 3. Nf3 Nf6 4. Bg5 Nbd7 5. Nc3 a6 6. e3 c6 7. cxd5 cxd5 8. Ne5
Be7 9. Bd3 Nxe5 10. dxe5 Nd7 11. Bxe7 Qxe7 12. f4 f6 13. Qh5+ Qf7 14. Qxf7+
Kxf7 15. exf6 Nxf6 16. O-O Rf8 17. Rac1 Bd7 18. b4 b5 19. e4 dxe4 20. Nxe4 Rac8
1-0

+ Kg8 22. Rc6 Rxc6 23. f5 exf5 24. Bxf5 Bxf5 25. Rxf5 Rc1+ 26. Rf1 Rxf1+
27. Kxf1 Nd5+ 28. Nf3 Nxb4 29. a3 Nc2 30. Ke2 Rd8 31. Nd2 Nxa3 32. Nb3 b4 33.
Nc5 Rd6 34. Nb7 Rd4 35. Nc5 a5 36. Nb3 Rd5 0-1

[Event "Tournoi francophone 012 Groupe C"]
[Site "Skype"]
[Date "????.??.??"]
[Round "2.1"]
[White "Amato, Ludovica"]
[Black "De Coninck, Philippe"]
[Result "1-0"]
[WhiteElo "1407"]
[BlackElo "1377"]
[PlyCount "101"]

1. e4 c5 2. Nf3 e6 3. d4 cxd4 4. Nxd4 Nf6 5. Nc3 Bb4 6. Qd3 Bxc3+ 7. bxc3 a6 8.
Be2 e5 9. Nf5 O-O 10. Nd6 Ne8 11. Ba3 Nxd6 12. Bxd6 Re8 13. O-O Nc6 14. Qd5 Qa5
15. Qd2 b5 16. Rfd1 Bb7 17. Bc5 Rad8 18. Qe1 Nb8 19. Bf3 Rc8 20. Bb4 Qc7 21.
Rd3 a5 22. Bd6 Qc6 23. Rad1 Red8 24. Bxe5 Qe6 25. Bxb8 Rxb8 26. Qe2 Bc6 27. Rd6
Qxa2 28. Qd3 Qc4 29. Qxc4 bxc4 30. R6d4 Bb5 31. Be2 Rbc8 32. Rb1 Rc5 33. Rd5
Rxd5 34. exd5 Ba6 35. Rb6 Ra8 36. d6 a4 37. Bf3 Bb7 38. Rxb7 g6 39. Rb1 Ra7 40.
Ra1 a3 41. Bd5 Ra4 42. f3 a2 43. Kf2 Kg7 44. Ke3 Ra5 45. Bxc4 Kf6 46. Rxa2 Rxa2
47. Bxa2 Ke5 48. Bxf7 Kxd6 49. Kd4 Kc6 50. Bd5+ Kd6 51. c4 1-0

[Event "Tournoi francophone 012 Groupe C"]
[Site "Skype"]
[Date "????.??.??"]
[Round "2.2"]
[White "Pouteau, Pascal"]
[Black "Moumtaz, Abderrahim"]
[Result "1-0"]
[WhiteElo "1420"]
[BlackElo "1347"]
[PlyCount "37"]

1. d4 Nf6 2. Nf3 e6 3. Bf4 d5 4. e3 c6 5. Bd3 Be7 6. Nbd2 O-O 7. Ne5 Nbd7 8.
Qf3 Nxe5 9. dxe5 Nd7 10. Qg3 Bh4 11. Qh3 Re8 12. Nf3 g5 13. Bxg5 Bxg5 14. Bxh7+
Kf8 15. Qg3 Bh6 16. h4 Nc5 17. Rd1 Ne4 18. Bxe4 dxe4 19. Rxd8 1-0

[Event "Tournoi francophone 012 Groupe C"]
[Site "Skype"]
[Date "????.??.??"]
[Round "2.3"]
[White "Milanese, Serge"]
[Black "Mantelli, Luca"]
[Result "0-1"]
[WhiteElo "1328"]
[BlackElo "1347"]
[PlyCount "50"]

1. d4 Nf6 2. Bf4 d5 3. e3 e6 4. Nf3 c5 5. c3 Nc6 6. Nbd2 Bd6 7. Bg3 O-O 8. Bd3
b6 9. Ne5 Bb7 10. Nxc6 Bxc6 11. Nf3 Qc7 12. Ne5 Ne4 13. f4 f6 14. Ng4 Rfe8 15.
O-O Nxg3 16. hxg3 Rac8 17. Nxf6+ gxf6 18. Qg4+ Qg7 19. Qh5 f5 20. Rf3 Rf8 21.
g4 Qxg4 22. Qxg4+ fxg4 23. Rg3 h5 24. Kh2 Kg7 25. Rf1 Be8 0-1

[Event "Tournoi francophone 012 Groupe C"]
[Site "Skype"]
[Date "????.??.??"]
[Round "2.4"]
[White "Vincent, Andre"]
[Black "Malbec, Robert"]
[Result "1/2-1/2"]
[WhiteElo "1395"]
[BlackElo "1238"]
[PlyCount "66"]

1. d4 d5 2. Nf3 Nf6 3. Bf4 c6 4. c3 Bg4 5. Nbd2 e6 6. e3 Ne4 7. Be2 Bd6 8. h3
Bh5 9. g4 Bg6 10. h4 h6 11. Be5 Nxd2 12. Qxd2 Be4 13. Bxg7 Rh7 14. Be5 Bxe5 15.
dxe5 Qc7 16. Rh3 Nd7 17. b4 Nxe5 18. Nxe5 Qxe5 19. Qd4 Qxd4 20. cxd4 O-O-O 21.
f3 Bc2 22. Kd2 Ba4 23. Bd3 Rhh8 24. Rc1 Kd7 25. Bc2 Bxc2 26. Rxc2 a6 27. a3
Rhf8 28. f4 Kc7 29. a4 Kb6 30. Rc5 Ka7 31. Kd3 Rc8 32. a5 Rc7 33. g5 hxg5
1/2-1/2

[Event "Tournoi francophone 012 Groupe C"]
[Site "Skype"]
[Date "????.??.??"]
[Round "2.5"]
[White "Briere, Jean"]
[Black "Tamditi, Ibrahim"]
[Result "1-0"]
[WhiteElo "1388"]
[BlackElo "1497"]
[PlyCount "51"]

1. e4 g6 2. d4 Bg7 3. Nf3 d6 4. Nc3 Bg4 5. Be2 Bxf3 6. Bxf3 Nc6 7. d5 Bxc3+ 8.
bxc3 Ne5 9. O-O Nf6 10. Re1 O-O 11. Rb1 b6 12. Bf4 Nxf3+ 13. Qxf3 Qd7 14. c4
Qa4 15. Qb3 Qxb3 16. axb3 a5 17. Ra1 Rac8 18. Bg5 Nd7 19. Bxe7 Rfe8 20. Bg5 f6
21. Bd2 Kf7 22. f3 Nc5 23. b4 axb4 24. Bxb4 Ne6 25. Bc3 Rb8 26. dxe6+ 1-0

[Event "Tournoi francophone 012 Groupe C"]
[Site "Skype"]
[Date "????.??.??"]
[Round "3.1"]
[White "Tamditi, Ibrahim"]
[Black "Amato, Ludovica"]
[Result "0-1"]
[WhiteElo "1497"]
[BlackElo "1402"]
[PlyCount "72"]

1. Nf3 d5 2. g3 Nf6 3. Bg2 c6 4. d4 h6 5. Bf4 Bf5 6. Bxb8 Rxb8 7. Nbd2 e6 8. c4
Bb4 9. cxd5 exd5 10. O-O O-O 11. Nb3 Nd7 12. a3 Bd6 13. Qd2 Re8 14. Rfe1 Qb6
15. Na5 Nf6 16. Nh4 Bh7 17. b4 Qc7 18. e3 Ne4 19. Bxe4 Bxe4 20. Rec1 Qd7 21. f3
Bh7 22. Qe2 Re6 23. Ra2 Rbe8 24. Ng2 Bf5 25. g4 Bh7 26. Rb2 Kh8 27. Rb3 Bb8 28.
b5 f5 29. bxc6 bxc6 30. Rb7 Qd6 31. Nf4 Rxe3 32. Ng6+ Bxg6 33. Rxc6 Rxe2 34.
Rxd6 Bxd6 35. Rxa7 Rxh2 36. Ra6 Re1# 0-1

[Event "Tournoi francophone 012 Groupe C"]
[Site "Skype"]
[Date "????.??.??"]
[Round "3.2"]
[White "Malbec, Robert"]
[Black "Briere, Jean"]
[Result "0-1"]
[WhiteElo "1233"]
[BlackElo "1388"]
[PlyCount "102"]

1. e4 e5 2. Nf3 Nc6 3. Bc4 Nf6 4. Ng5 d5 5. exd5 Na5 6. Bb5+ Bd7 7. Bxd7+ Qxd7
8. Nc3 Nxd5 9. Nf3 Nxc3 10. bxc3 Bd6 11. O-O O-O 12. Re1 Nc6 13. Bb2 Rfe8 14.
d3 Qf5 15. h3 Bc5 16. Qd2 Rad8 17. Qg5 Qxg5 18. Nxg5 h6 19. Nf3 Ne7 20. a4 a5
21. Ba3 Bxa3 22. Rxa3 b6 23. c4 Nf5 24. Ra2 Nd4 25. Nxd4 exd4 26. Rxe8+ Rxe8
27. Kf1 c5 28. Rb2 Re6 29. Rb1 g5 30. g3 Kg7 31. Rb3 h5 32. c3 dxc3 33. Rxc3 f5
34. Rc2 Rd6 35. Rd2 Kf6 36. Kg2 Ke5 37. f3 Kd4 38. Kf2 Re6 39. Re2 Rxe2+ 40.
Kxe2 Kc3 41. Ke3 Kb3 42. f4 g4 43. hxg4 hxg4 44. d4 cxd4+ 45. Kxd4 Kxa4 46. c5
bxc5+ 47. Kxc5 Kb3 48. Kd4 a4 49. Kd3 a3 50. Kd2 a2 51. Kc1 a1=Q+ 0-1

[Event "Tournoi francophone 012 Groupe C"]
[Site "Skype"]
[Date "????.??.??"]
[Round "3.3"]
[White "Mantelli, Luca"]
[Black "Vincent, Andre"]
[Result "1/2-1/2"]
[WhiteElo "1388"]
[BlackElo "1328"]
[PlyCount "102"]

1. e4 c5 2. Nc3 d6 3. f4 Nf6 4. Bc4 e6 5. Nf3 Be7 6. O-O Nc6 7. d3 O-O 8. a3 a6
9. h3 Bd7 10. e5 Nh5 11. exd6 Bxd6 12. Qe1 Qf6 13. g4 Nxf4 14. Nh2 Nxh3+ 15.
Kh1 Nf4 16. Qf2 Nd4 17. Bxf4 Bxf4 18. Qxf4 Qxf4 19. Rxf4 Nxc2 20. Rd1 Ne3 21.
Rd2 Bc6+ 22. Kg1 Rad8 23. Bb3 Rd6 24. Ne4 Bxe4 25. Rxe4 Nd5 26. d4 Rc8 27. dxc5
Rxc5 28. Rc4 Rdc6 29. Rxc5 Rxc5 30. Nf3 g6 31. Kf2 b6 32. Kg3 h6 33. Re2 Nc7
34. Kh3 b5 35. Rc2 Rxc2 36. Bxc2 Nd5 37. Bd3 Nf4+ 38. Kg3 Nxd3 39. b4 Kg7 40.
Kg2 Nf4+ 41. Kg3 Nd3 42. Kg2 Nf4+ 43. Kf2 Kf6 44. Kg3 g5 45. Kf2 Nd3+ 46. Kg3
Nf4 47. Kf2 Nd3+ 48. Ke3 Ne5 49. Nh2 Nc4+ 50. Kd3 Nxa3 51. Kc3 Nc4 1/2-1/2

[Event "Tournoi francophone 012 Groupe C"]
[Site "Skype"]
[Date "????.??.??"]
[Round "3.4"]
[White "Moumtaz, Abderrahim"]
[Black "Milanese, Serge"]
[Result "1-0"]
[WhiteElo "1292"]
[BlackElo "1277"]
[PlyCount "63"]

1. d4 d5 2. c4 e6 3. Nf3 c6 4. Nc3 Bd6 5. Bg5 Nf6 6. e3 Nbd7 7. c5 Be7 8. Bd3
b6 9. b4 Bb7 10. O-O a5 11. a3 O-O 12. Qc2 g6 13. Rfe1 Ne4 14. Bxe7 Qxe7 15.
Nxe4 dxe4 16. Bxe4 f5 17. Bd3 b5 18. e4 Qf6 19. e5 Qe7 20. a4 axb4 21. axb5
Rxa1 22. Rxa1 Nb8 23. b6 Nd7 24. Qb3 Ra8 25. Rxa8+ Bxa8 26. Qxb4 Bb7 27. Qa5
Qf7 28. Ba6 Nf8 29. Bxb7 Qxb7 30. Qa7 Qc8 31. b7 Qc7 32. b8=Q 1-0

[Event "Tournoi francophone 012 Groupe C"]
[Site "Skype"]
[Date "????.??.??"]
[Round "3.5"]
[White "De Coninck, Philippe"]
[Black "Pouteau, Pascal"]
[Result "0-1"]
[WhiteElo "1335"]
[BlackElo "1454"]
[PlyCount "54"]

1. e4 c6 2. d4 d5 3. Nc3 dxe4 4. Nxe4 Bf5 5. Bd3 e6 6. Nf3 Be7 7. O-O Bg4 8. h3
Bxf3 9. Qxf3 Qxd4 10. c3 Qd8 11. Rd1 Nf6 12. Be3 Nd5 13. Bd4 O-O 14. Qg4 Nf6
15. Nxf6+ Bxf6 16. Bc5 Qe8 17. Bxf8 Qxf8 18. Re1 Nd7 19. f4 Qc5+ 20. Kh1 h6 21.
Re4 Qb6 22. b4 Bxc3 23. Rb1 Nf6 24. Qf3 Nxe4 25. Qxe4 g6 26. h4 Qf2 27. Qf3
Qxh4+ 0-1

[Event "Tournoi francophone 012 Groupe C"]
[Site "Skype"]
[Date "????.??.??"]
[Round "4.1"]
[White "Amato, Ludovica"]
[Black "Pouteau, Pascal"]
[Result "0-1"]
[WhiteElo "1402"]
[BlackElo "1454"]
[PlyCount "44"]

1. e4 d5 2. exd5 Qxd5 3. Nc3 Qd8 4. Nf3 c6 5. Be2 Nf6 6. d4 Bg4 7. h3 Bh5 8.
O-O e6 9. Be3 Bd6 10. Re1 Nbd7 11. Qd2 Qc7 12. Bf1 Bxf3 13. gxf3 a6 14. Bg2 Rd8
15. Ne2 Nd5 16. Bg5 N7f6 17. c4 Bb4 18. Nc3 Nxc3 19. bxc3 Bd6 20. d5 h6 21.
Bxf6 gxf6 22. dxe6 Bh2+ 0-1

[Event "Tournoi francophone 012 Groupe C"]
[Site "Skype"]
[Date "????.??.??"]
[Round "4.2"]
[White "Milanese, Serge"]
[Black "De Coninck, Philippe"]
[Result "0-1"]
[WhiteElo "1277"]
[BlackElo "1335"]
[PlyCount "88"]

1. e4 e5 2. Nf3 Nc6 3. Bc4 h6 4. c3 Nf6 5. O-O Nxe4 6. d3 Nf6 7. Re1 d6 8. Bb5
Bd7 9. d4 e4 10. Bd3 d5 11. Bd2 Be7 12. Bc2 exf3 13. Qxf3 O-O 14. h3 Na5 15.
Bd3 Re8 16. Bf4 a6 17. Nd2 c5 18. Rac1 Rc8 19. Be5 Bc6 20. Qf5 g6 21. Qf4 Kg7
22. Nf3 Bb5 23. Bxb5 axb5 24. b3 Nc6 25. Qd2 Nxe5 26. Nxe5 cxd4 27. cxd4 Ne4
28. Qe3 Bg5 29. f4 Rxc1 30. Rxc1 Bf6 31. Ng4 Qb6 32. Nxf6 Nxf6 33. Qf2 Re4 34.
f5 g5 35. Kh2 Qxd4 36. Qg3 Qe5 37. Qxe5 Rxe5 38. Rc5 Re2 39. Rxb5 Rxa2 40. Rxb7
d4 41. Kg3 d3 42. Kf3 d2 43. Ke2 Ne4 44. Rd7 d1=Q+ 0-1

[Event "Tournoi francophone 012 Groupe C"]
[Site "Skype"]
[Date "????.??.??"]
[Round "4.3"]
[White "Vincent, Andre"]
[Black "Moumtaz, Abderrahim"]
[Result "1/2-1/2"]
[WhiteElo "1328"]
[BlackElo "1292"]
[PlyCount "125"]

1. d4 Nf6 2. Bf4 d5 3. Nf3 e6 4. e3 c5 5. c3 Nc6 6. Nbd2 Bd6 7. Bg3 O-O 8. Bd3
c4 9. Bc2 Re8 10. O-O Bxg3 11. fxg3 e5 12. e4 exd4 13. Nxd4 Nxd4 14. cxd4 Bg4
15. Qb1 dxe4 16. Nxe4 Qxd4+ 17. Nf2 Re2 18. h3 Bh5 19. g4 Bg6 20. Bxg6 hxg6 21.
a3 Ne4 22. Qd1 Rd2 23. Qf3 Rxf2 24. Rxf2 Nxf2 25. Qxf2 Qxf2+ 26. Kxf2 g5 27.
Rc1 b5 28. Rc3 Rd8 29. Ke2 a6 30. b3 Rc8 31. Kd2 a5 32. b4 a4 33. Ke2 f6 34.
Kd2 Kf7 35. Re3 Rd8+ 36. Kc2 Rd5 37. g3 Re5 38. Kd2 g6 39. Rf3 Ke6 40. Kc2 f5
41. gxf5+ Rxf5 42. Re3+ Kd5 43. g4 Rf2+ 44. Kc3 Ra2 45. Re6 Rxa3+ 46. Kc2 Rxh3
47. Rxg6 Rh2+ 48. Kc3 Rh3+ 49. Kc2 Rg3 50. Rxg5+ Kc6 51. Rg6+ Kd5 52. Rg5+ Kd4
53. Rxb5 Rxg4 54. Ra5 Rg2+ 55. Kb1 Rg1+ 56. Kc2 Ra1 57. Kb2 Rd1 58. Rxa4 c3+
59. Kc2 Rd2+ 60. Kc1 Kd3 61. b5 Rb2 62. Ra5 c2 63. Ra3+ 1/2-1/2

[Event "Tournoi francophone 012 Groupe C"]
[Site "Skype"]
[Date "????.??.??"]
[Round "4.4"]
[White "Briere, Jean"]
[Black "Mantelli, Luca"]
[Result "0-1"]
[WhiteElo "1388"]
[BlackElo "1388"]
[PlyCount "32"]

1. e4 e5 2. Nf3 Nc6 3. Bc4 Bc5 4. d3 d6 5. Nc3 Nf6 6. Be3 Bb6 7. O-O Bg4 8. h3
Bh5 9. Bxb6 axb6 10. Re1 Nd4 11. g4 Nxg4 12. hxg4 Bxg4 13. Kg2 f5 14. Rh1 fxe4
15. Nxe4 Rf8 16. Nxd4 Bxd1 0-1

[Event "Tournoi francophone 012 Groupe C"]
[Site "Skype"]
[Date "????.??.??"]
[Round "4.5"]
[White "Tamditi, Ibrahim"]
[Black "Malbec, Robert"]
[Result "0-1"]
[WhiteElo "1497"]
[BlackElo "1233"]
[PlyCount "136"]

1. Nf3 Nc6 2. e4 e5 3. Bc4 Bc5 4. Bd5 d6 5. Bxc6+ bxc6 6. O-O Nf6 7. Re1 O-O 8.
a3 a6 9. b4 Bb6 10. Bb2 Bb7 11. d3 Ng4 12. d4 exd4 13. Nxd4 Nf6 14. Nf5 c5 15.
Nd2 Re8 16. e5 dxe5 17. Bxe5 Bc8 18. Qf3 Rb8 19. Qg3 Bxf5 20. Nc4 Bxc2 21. bxc5
Ba5 22. Rec1 Bg6 23. Nxa5 Rc8 24. Rd1 Qe7 25. Rac1 Qxe5 26. Qxe5 Rxe5 27. Nc6
Ree8 28. Re1 Kf8 29. Rxe8+ Nxe8 30. h3 Ra8 31. Re1 Bf5 32. Re7 a5 33. Re5 Bd7
34. Nd4 c6 35. Re4 Nf6 36. Rh4 Re8 37. Kf1 Re4 38. Nf3 Rxh4 39. Nxh4 g6 40. Nf3
Ke7 41. h4 Ne4 42. Ke1 Nxc5 43. Ng5 h6 44. Nf3 f6 45. g3 a4 46. Ke2 Bg4 47. Ke3
Bxf3 48. Kxf3 Nb7 49. Ke4 Nd6+ 50. Kd4 Ke6 51. Kc5 Kd7 52. Kb6 Nc4+ 53. Kc5
Nxa3 54. Kb4 Nc2+ 55. Kxa4 c5 56. Kb3 Nd4+ 57. Kc4 Kd6 58. Kc3 Kd5 59. Kd3 c4+
60. Kc3 g5 61. hxg5 hxg5 62. Kb4 f5 63. Kc3 Ne2+ 64. Kd2 Ng1 65. Ke3 Kc5 66.
Kd2 Kd4 67. Kc2 g4 68. Kd2 Nh3 0-1

[Event "Tournoi francophone 012 Groupe C"]
[Site "Skype"]
[Date "????.??.??"]
[Round "5.1"]
[White "Malbec, Robert"]
[Black "Amato, Ludovica"]
[Result "0-1"]
[WhiteElo "1233"]
[BlackElo "1402"]
[PlyCount "106"]

1. e4 e5 2. Nf3 Nf6 3. Nxe5 d6 4. Nf3 Nxe4 5. Qe2 Qe7 6. d3 Nf6 7. Bg5 Qxe2+ 8.
Bxe2 Be7 9. h3 h6 10. Bxf6 Bxf6 11. c3 O-O 12. O-O Re8 13. Re1 Bf5 14. d4 c6
15. Bc4 Nd7 16. Nbd2 d5 17. Bb3 Nf8 18. a4 Ne6 19. Re3 Re7 20. Rae1 Rae8 21.
Ba2 Nf4 22. Rxe7 Bxe7 23. b4 a6 24. Kh2 Kf8 25. a5 Bd6 26. Rxe8+ Kxe8 27. g3
Nxh3 28. Kg2 Be7 29. Bb1 Bxb1 30. Nxb1 Ng5 31. Nbd2 Nxf3 32. Nxf3 Bf6 33. g4
Kd7 34. Nd2 Ke6 35. f4 g6 36. Kg3 Be7 37. Nf3 f5 38. Ne5 g5 39. Nf3 fxg4 40.
Kxg4 gxf4 41. Kxf4 Bd6+ 42. Kg4 Kf6 43. Kh5 Bf4 44. Ne1 Bd2 45. Nd3 Bxc3 46.
Nc5 Bxd4 47. Nxb7 Kg7 48. Nd8 Bb2 49. Ne6+ Kh7 50. Nc5 d4 51. Nd3 Bc3 52. Nc5
Bxb4 53. Nb3 d3 0-1

[Event "Tournoi francophone 012 Groupe C"]
[Site "Skype"]
[Date "????.??.??"]
[Round "5.2"]
[White "Mantelli, Luca"]
[Black "Tamditi, Ibrahim"]
[Result "1-0"]
[WhiteElo "1388"]
[BlackElo "1497"]
[PlyCount "49"]

1. e4 g6 2. d4 Bg7 3. f4 e6 4. Nf3 b6 5. Nc3 c5 6. Be3 Qc7 7. Qd2 Bb7 8. Be2
Ne7 9. O-O O-O 10. e5 d6 11. Rad1 Rd8 12. Nb5 Qc6 13. Nxd6 cxd4 14. Bxd4 Nf5
15. Nxb7 Qxb7 16. Qe1 Nc6 17. Bf2 Rdc8 18. c3 Bh6 19. g3 Bf8 20. g4 Nh6 21. h3
f5 22. g5 Nf7 23. Nd4 Nxd4 24. Bxd4 b5 25. Bf3 1-0

[Event "Tournoi francophone 012 Groupe C"]
[Site "Skype"]
[Date "????.??.??"]
[Round "5.3"]
[White "Moumtaz, Abderrahim"]
[Black "Briere, Jean"]
[Result "0-1"]
[WhiteElo "1292"]
[BlackElo "1388"]
[PlyCount "110"]

1. d4 d5 2. c4 e6 3. Nf3 Nc6 4. Nc3 Nf6 5. Bg5 Be7 6. cxd5 exd5 7. e3 O-O 8.
Bd3 h6 9. Bf4 Bd6 10. Ne5 Re8 11. Nxc6 bxc6 12. Bxd6 Qxd6 13. Qf3 Bg4 14. Qg3
Rab8 15. Qxd6 cxd6 16. b3 Ne4 17. Nxe4 dxe4 18. Bc2 d5 19. h3 Be6 20. O-O Bf5
21. Rac1 Rbc8 22. Bd1 Re6 23. f3 Rg6 24. Kh1 exf3 25. Bxf3 Bd3 26. Rfd1 Be4 27.
Rf1 Rf6 28. Kg1 Bxf3 29. Rxf3 Rxf3 30. gxf3 f5 31. Kg2 Kf7 32. f4 g5 33. Kg3
Kf6 34. Kf3 h5 35. fxg5+ Kxg5 36. Rg1+ Kh4 37. Rg3 Rf8 38. Kf4 a5 39. Kf3 Rf6
40. Kg2 f4 41. Rf3 Kg5 42. exf4+ Rxf4 43. Rxf4 Kxf4 44. Kf2 Ke4 45. Kg3 Kxd4
46. Kh4 Ke4 47. Kxh5 d4 48. Kg4 d3 49. h4 d2 50. h5 d1=Q+ 51. Kg5 Qg1+ 52. Kf6
Qf2+ 53. Kg5 Qf4+ 54. Kg6 Qg4+ 55. Kh6 Kf5 0-1

[Event "Tournoi francophone 012 Groupe C"]
[Site "Skype"]
[Date "????.??.??"]
[Round "5.4"]
[White "De Coninck, Philippe"]
[Black "Vincent, Andre"]
[Result "1-0"]
[WhiteElo "1335"]
[BlackElo "1328"]
[PlyCount "65"]

1. e4 c5 2. Nf3 d6 3. d4 cxd4 4. Nxd4 e6 5. c4 Nf6 6. Nc3 a6 7. Bd3 Be7 8. O-O
O-O 9. Qc2 e5 10. Nde2 Nc6 11. f4 Nd4 12. Nxd4 exd4 13. Nd5 g6 14. Nxe7+ Qxe7
15. f5 Qc7 16. Bh6 Re8 17. fxg6 Qe7 18. Bg5 fxg6 19. Rxf6 Qe5 20. Qd2 Bd7 21.
Raf1 Rf8 22. Bh4 Kg7 23. Bg5 Kg8 24. R6f3 Rxf3 25. Rxf3 Rf8 26. Rxf8+ Kxf8 27.
Qf2+ Kg7 28. Qh4 Kg8 29. Bh6 Qe8 30. Qf6 Qf7 31. Qxd4 b5 32. cxb5 axb5 33. a4
1-0

[Event "Tournoi francophone 012 Groupe C"]
[Site "Skype"]
[Date "????.??.??"]
[Round "5.5"]
[White "Pouteau, Pascal"]
[Black "Milanese, Serge"]
[Result "1-0"]
[WhiteElo "1454"]
[BlackElo "1277"]
[PlyCount "78"]

1. d4 d5 2. Nf3 e6 3. Bf4 Nf6 4. e3 Bd6 5. Bg3 O-O 6. Bd3 Qe7 7. Nbd2 Nbd7 8.
Ne5 Ne4 9. Nxe4 dxe4 10. Bxe4 c6 11. Qh5 Nf6 12. Qf3 Nxe4 13. Qxe4 f5 14. Qd3
Bd7 15. h4 h5 16. Ng6 Qf6 17. Nxf8 Qxf8 18. Bxd6 Qxd6 19. c3 e5 20. Qd1 Be6 21.
Qxh5 exd4 22. Rd1 d3 23. Qg5 Qd5 24. b3 d2+ 25. Rxd2 Qa5 26. Qe7 Bf7 27. h5
Qxc3 28. h6 Qc1+ 29. Rd1 Qc3+ 30. Kf1 Bg6 31. hxg7 Qxg7 32. Rd8+ Rxd8 33. Qxd8+
Kf7 34. Qd7+ Kg8 35. Qc8+ Kf7 36. Qxb7+ Kg8 37. Qb8+ Kf7 38. Qxa7+ Kg8 39.
Qxg7+ Kxg7 1-0

[Event "Tournoi francophone 012 Groupe C"]
[Site "Skype"]
[Date "????.??.??"]
[Round "6.1"]
[White "Amato, Ludovica"]
[Black "Milanese, Serge"]
[Result "1-0"]
[WhiteElo "1402"]
[BlackElo "1277"]
[PlyCount "71"]

1. e4 e5 2. Nf3 Nc6 3. Bc4 Bc5 4. c3 Nf6 5. d3 O-O 6. O-O d6 7. Bb3 Be6 8. h3
h6 9. Re1 Qc8 10. Nbd2 g5 11. Nh2 h5 12. Ndf1 g4 13. hxg4 Bxg4 14. Nxg4 Nxg4
15. Ne3 Nf6 16. Qf3 Kg7 17. Qg3+ Kh7 18. Nf5 Ng4 19. Ne3 Rg8 20. Bxf7 Rg7 21.
Nxg4 Rxg4 22. Qh3 h4 23. Be3 Kg7 24. Bh5 Bxe3 25. Qxg4+ Qxg4 26. Bxg4 Bb6 27.
Rad1 Rf8 28. Bf3 Kf6 29. b4 Nd8 30. d4 Ne6 31. dxe5+ dxe5 32. Rd2 Rg8 33. Kh2
Ng5 34. Bd1 Rh8 35. Bg4 Ne6 36. Bxe6 1-0

[Event "Tournoi francophone 012 Groupe C"]
[Site "Skype"]
[Date "????.??.??"]
[Round "6.2"]
[White "Vincent, Andre"]
[Black "Pouteau, Pascal"]
[Result "0-1"]
[WhiteElo "1328"]
[BlackElo "1454"]
[PlyCount "80"]

1. e4 c6 2. Nf3 d5 3. d3 e6 4. Bf4 Bb4+ 5. Nbd2 Qf6 6. Be5 Qg6 7. g3 Nf6 8. Bg2
dxe4 9. Nh4 Qh6 10. c3 Be7 11. dxe4 Nbd7 12. Bd4 Ng4 13. Qxg4 O-O 14. f4 c5 15.
Be3 Nf6 16. Qf3 g6 17. e5 Nd5 18. Bf2 b6 19. Ne4 Rb8 20. Bh3 Bb7 21. Rg1 f5 22.
exf6 Nxf6 23. Bxe6+ Kh8 24. Qe3 Nxe4 25. O-O-O Nxf2 26. Qxf2 g5 27. Nf5 Qxe6
28. Nxe7 Qxe7 29. Rde1 Qf7 30. Qe3 Kg8 31. fxg5 Qxa2 32. Qe6+ Qxe6 33. Rxe6
Rbe8 34. Rxe8 Rxe8 35. h4 Kg7 36. Kd2 Kg6 37. Re1 Rd8+ 38. Ke3 Rf8 39. Rg1 Kh5
40. Re1 Rf3+ 0-1

[Event "Tournoi francophone 012 Groupe C"]
[Site "Skype"]
[Date "????.??.??"]
[Round "6.3"]
[White "Briere, Jean"]
[Black "De Coninck, Philippe"]
[Result "1/2-1/2"]
[WhiteElo "1388"]
[BlackElo "1335"]
[PlyCount "115"]

1. e4 e5 2. Nf3 Nc6 3. Bc4 h6 4. d4 exd4 5. Nxd4 Bc5 6. Be3 Bxd4 7. Bxd4 Nxd4
8. Qxd4 d6 9. Qxg7 Qf6 10. Qxf6 Nxf6 11. Nc3 Be6 12. Nd5 Bxd5 13. exd5 Rg8 14.
g3 Rg5 15. O-O-O O-O-O 16. Rhe1 Ng4 17. f4 Rg7 18. Rd2 f5 19. Bd3 Rf8 20. h3
Nf6 21. Bxf5+ Nd7 22. Rde2 Kd8 23. g4 Nf6 24. c4 Re8 25. Rxe8+ Nxe8 26. h4 Nf6
27. g5 hxg5 28. hxg5 Nh5 29. Rh1 Nxf4 30. Rh8+ Ke7 31. Rh7 Rxh7 32. Bxh7 Kf7
33. g6+ Nxg6 34. Bxg6+ Kxg6 35. Kd2 Kf5 36. Kd3 Ke5 37. b4 a6 38. a4 b6 39. a5
bxa5 40. bxa5 Kf6 41. Kd4 Ke7 42. c5 dxc5+ 43. Kxc5 Kd7 44. Kd4 Kd6 45. Kc4 c5
46. dxc6 Kxc6 47. Kb4 Kd5 48. Kb3 Kc5 49. Ka4 Kc4 50. Ka3 Kb5 51. Kb3 Kxa5 52.
Ka3 Kb5 53. Kb3 a5 54. Kb2 Kb4 55. Ka2 a4 56. Kb2 a3+ 57. Ka2 Ka4 58. Kb1
1/2-1/2